|
|
|
|
| LEADER |
00000nab#a22000007a#4500 |
| 001 |
arbauad027050 |
| 003 |
AR-BaUAD |
| 005 |
20250711112225.0 |
| 008 |
970604|||||||||###||||||b###|0###a|spa|| |
| 040 |
|
|
|a AR-BaUAD
|c AR-BaUAD
|b spa
|
| 100 |
|
|
|a Mercé, Cayetana
|
| 245 |
|
|
|a Casas sin tejado /
|c Cayetana Mercé;
|
| 300 |
0 |
|
|b axonom., cortes, fot., plantas, vistas
|
| 653 |
|
|
|a ARGENTINA
|
| 653 |
|
|
|a VIVIENDAS UNIFAMILIARES
|
| 653 |
|
|
|a CASA POLLITZER
|
| 653 |
|
|
|a RAMOS, JUAN IGNACIO
|
| 653 |
|
|
|a GENERAL PACHECO
|
| 653 |
|
|
|a CASA GRONDONA
|
| 653 |
|
|
|a SAN MARTIN, DIEGO FELIX
|
| 653 |
|
|
|a URUGUAY
|
| 653 |
|
|
|a BARRA DE MALDONADO
|
| 773 |
0 |
|
|t SUMMA+
|g no. 24 [abr.-mayo 1997], p. 84-91
|
| 942 |
|
|
|c ARTI
|
| 952 |
|
|
|0 0
|1 0
|4 0
|7 0
|9 71969
|a AR-BAuAD
|b AR-BAuAD
|d 2025-07-11
|l 0
|p AAQA027050
|r 2025-07-11 11:22:25
|w 2025-07-11
|y ARTI
|
| 990 |
|
|
|a AQ199
|b TD
|
| 998 |
|
|
|a AAQ
|b BIBUN76
|
| 999 |
|
|
|c 51642
|d 51642
|